00488 2200181 4500001002100000005001500021035002000036245003300056100001500089250001700104300002800121260005300149082001000202084001600212020002200228650001700250500003900267INLIS00000000000063920240827085611 a0010-08240001571 aSeni Menganyam /cAhmad Said0 aAhmad Said acetakan ke-1 a77 hlm :bIlus ;c22 cm aJakarta Pusat :bCV Citra Cipta Purwosari,c2006 a745.5 a745.5 AHM s a978-979-1216-02-9 4aKeterampilan aSeri Keterampilan Kerajinan Tangan